000 00289nam a22001097a 4500
082 _a82-94=214.21
_bLAV
100 _aLAVANYA, Inaganti
245 _aNirantar pragati ke path par...Chandra Babu Naidu (Hindi)
260 _aHyderabad
_bChetana Prakashan
_c2019
300 _a372p.
942 _cBK
999 _c74973
_d74973